000 00898cam a2200265 a 4500
001 000018923
003 DO-SdBNP
005 20251028134254.0
008 911122s1949 ve b 001 0 spa d
040 _aDO-SdBNP
_cDLC
_dDLC
_dBNPHU
043 _as-ve---
049 _aBNGR
082 4 _aV
_bD542o
100 1 _aDíaz Seijas, Pedro,
_920677
245 1 0 _aOrientaciones y tendencias de la novela venezolana /
_cPedro Díaz Seijas.
260 _aCaracas :
_bAsociación de Escritores Venezolanos,
_c1949.
300 _a63 p. ;
_c16 cm.
490 1 _aCuadernos literarios de la "Asociación de Escritores Venezolanos"
_v61
500 _aIncluye índice
504 _aBibliografía: (p. 50-55)
650 _aNovela Venezolana
_93962
830 0 _aCuadernos literarios de la "Asociación de Escritores Venezolanos" ;
_v61
_96734
910 _aCatalogación derivada / LC
942 _2ddc
_cLBS1
999 _c18441
_d18441